Impressionist art 1860-1920

Αποθηκεύτηκε σε:
Λεπτομέρειες βιβλιογραφικής εγγραφής
Άλλοι συγγραφείς: Feist, Peter H., Walther, Ingo F. (Επιμελητής έκδοσης)
Μορφή: Βιβλίο
Γλώσσα:English
Δημοσίευση: Koln : Taschen, c2002
Θέματα:
Ετικέτες: Προσθήκη ετικέτας
Δεν υπάρχουν, Καταχωρήστε ετικέτα πρώτοι!

MARC

LEADER 00000nam a2200000 i 4500
001 1/61176
008 040914s2002 eng d
020 |a 3-8228-1759-7 
035 |l 10074426 
040 |a GR-MY-UA  |b gre  |e aacr 
041 0 |a eng 
082 0 |a 759.054  |2 (21) 
245 1 0 |a Impressionist art 1860-1920 /  |c edited by Ingo F. Walther 
246 3 3 |a Impressionism 
260 |a Koln :   |b Taschen,   |c c2002 
300 |a 712 σ.;  |b εικ.;  |c 27 εκ. 
505 0 |a Part I: Impressionism in France/ by Peter H. Feist 
650 0 0 |a Impressionism (Art) 
650 0 0 |a Painting, Modern  |y 19th century. 
650 0 0 |a Painting, Modern  |y 20th century. 
700 1 |a Feist, Peter H. 
700 1 |a Walther, Ingo F.  |4 edt 
740 0 2 |a Impressionism in France 
852 |a INST  |b LESVOS  |e 20040914  |h 759.054 IMP  |p 005100030398  |q 005100030398  |t BK  |y 0  |z p.1 
852 |a INST  |b LESVOS  |e 20040914  |h 759.054 IMP  |p 005100030398  |q 005100030398  |t BK  |v p.1:  |y 0  |z p.1 
853 |a INST  |b LESVOS  |h 759.054 IMP 
901 |a BIBL1-2004-3 
909 |a Λ  |b 112099 
922 |a 1ΕΛΗ  |b 200406  |c ΤΑΚ/ΤΚΑ  |d ΠΑΠΑΣΩΤΗΡΙΟΥ 
950 |a 117-2004-06-11 
970 |a ΤΖΑΦΕΡΗ  |b ΕΥΑΓΓΕΛΙΑ  |z 2004/09/23